Normal view MARC view
  • MECHATRONICS.MEMS.ELECTROMECHANICAL SYSTEMS.NANOTECHNOLOGY

Entry Topical Term

Number of records used in: 1

001 - CONTROL NUMBER

  • control field: 60327

003 - CONTROL NUMBER IDENTIFIER

  • control field: NUST

005 - DATE AND TIME OF LATEST TRANSACTION

  • control field: 20210628202525.0

008 - FIXED-LENGTH DATA ELEMENTS

  • fixed length control field: 210628|| aca||aabn | a|a d

040 ## - CATALOGING SOURCE

  • Original cataloging agency: NUST
  • Transcribing agency: NUST

150 ## - HEADING--TOPICAL TERM

  • Topical term or geographic name entry element: MECHATRONICS.MEMS.ELECTROMECHANICAL SYSTEMS.NANOTECHNOLOGY

670 ## - SOURCE DATA FOUND

  • Source citation: Work cat.: (NUST): Bishop, Robert .H 60326, Mechatronics an introduction, 2005
© 2023 Central Library, National University of Sciences and Technology. All Rights Reserved.